00271nam a2200109Ia 4500008004100000041001200041100002000053245006000073250001300133260000900146650000600155221030s9999 xx 000 0 und d aEnglish aR. L. Boylestad 0aElectronic Devices & Circuit Theorycby R. L. Boylestad aJAN 2016 c2016 aB